000 00716cam a2200253 4500
008 090401t1993 xxu||||| |||| 00| 0 eng d
020 _a185811019X
035 _a(Sirsi) u21755
041 _aeng
050 _a333.33026
100 _aRowell, Roland
245 _aRegulating the sale of property: property misdescriptions, estate agency and timeshare.
260 _aBirmingham
_bCentral Law Publishing
_c1993
300 _axvii,148p. ; 23cm.
350 _a19.95
650 _aESTATE AGENCY
650 _aPROPERTY MISDESCRIPTIONS ACT 1991
650 _aPROPERTY SALES
650 _aREGULATION
690 _aPROPERTY LAW AND PRACTICE
700 _aHancock, Jane
942 _n0
948 _c04/03/1997
999 _c88050
_d88050